000 00320nam a2200133Ia 4500
003 SEM
008 141116s9999 xx 000 0 und d
100 _aՆշանյան Աննա
245 _aԵրգը յուշերուս
260 _aԿանադա
260 _c2003
300 _a300+ 2 սկավառ.
942 _2udc
_cBK
999 _c47922
_d47922